LEADER 01278nam a2200301 a 4500 001 000000121310 003 CaOOAMICUS 005 20100420163428.0 008 100420t2010 nyu u000 u eng r 020 $a978-0-415-87596-7 040 $aPUL$bita$dReb 082 04$a320.5 100 1 $aColburn, Ben.$0(OLS)http://pul/name/75965 245 10$aAutonomy and liberalism /$cBen Colburn. 260 $aNew York ;$aLondon :$bRoutledge,$cİ2010. 300 $a165 p. ;$c23 cm. 490 1 $aRoutledge studies in contemporary philosophy ;$v19 504 $aBibliografia: p. [151]-159. 650 4$aAutonomia (filosofia).$0(OLS)http://pul/subject/36743 650 4$aLiberalismo.$0(OLS)http://pul/subject/3409 830 0$aRoutledge studies in contemporary philosophy ;$v19.$0(OLS)http://pul/title/152607 850 $aPUL 852 $aPUL$W1$xSL Diritto e Scienze Sociali 3$y79$m320. 5 COLBE 1$j139103$qDDC 21$B138336$CPULBib$Z2$F138336 $H113383 $82 941 1 $a9 996 $6020$a978-0-415-87596-7$9(OLS)http://pul/number/143943 996 $6082$a320.5$9(OLS)http://pul/classification/449 996 $6245$aAutonomy and liberalism$9(OLS)http://pul/title/152606 996 $6260$aNew York ;$aLondon :$bRoutledge$9(OLS)http://pul/publisher/74387 LEADER 01074nam a2200289 u 4500 001 000000058779 003 CaOOAMICUS 005 20070226120729.0 008 010613s1990 it u000 u ita u 020 $a884203553X 035 $a10892484 040 $aPUL(R)$bita 100 1 $aMamiani, Maurizio.$0(OLS)http://pul/name/25347 245 10$aIntroduzione a Newton /$cdi Maurizio Mamiani. 260 $aRoma :$bLaterza,$cc1990. 300 $a143 p. ;$c18 cm 490 1 $aI filosofi ;$v52 504 $aContiene bibliografia. 600 14$aNewton, Isaac,$cSir,$d1642-1727.$0(OLS)http://pul/subject/7902 830 2$aI filosofi (Laterza) ;$v52.$0(OLS)http://pul/title/7858 850 $aPUL 852 $aPUL$W1$xSL Filosofia 1$y2$m81 M 30$j76737$nBK-PRI$b $qStampati$B76737$CPULBib$Z2$F76737 $H $81 941 1 $a8 961 $aINV: 73312 996 $6020$a884203553X$9(OLS)http://pul/number/74611 996 $6245$aIntroduzione a Newton$9(OLS)http://pul/title/78753 996 $6260$aRoma :$bLaterza$9(OLS)http://pul/publisher/47864